000 00629nam a2200277Ia 4500
005 20260324150558.0
008 008 260324s9999 xx 000 0 eng d
020 _a9781315083438
037 _aEBOOK
040 _aCRL
040 _beng
040 _cCRL
041 _2eng
041 _aeng
084 _qCRL
100 _aT.W. Freeman
_91226905
245 2 _aA Hundred Years of Geography
260 _bTaylor and Francis
260 _c1961
365 _a
365 _b230
856 _uhttp://www.taylorfrancis.com/books/9781315083438
942 _cEBOOK
999 _c1836591
_d1836591